Antiguas recetas de la cocina poblana (Record no. 7732)

MARC details
000 -CABECERA
campo de control de longitud fija 00630nam a2200217 a 4500
001 - NÚMERO DE CONTROL
campo de control BRCA_8064
005 - FECHA Y HORA DE LA ÚLTIMA TRANSACCIÓN
campo de control 20190320210121.0
008 - DATOS DE LONGITUD FIJA--INFORMACIÓN GENERAL
campo de control de longitud fija 010414s--------mx-a###f##---#000-0#spa-#
041 ## - CÓDIGO DE LENGUA
Código de lengua del texto/banda sonora o título independiente spa
044 ## - CÓDIGO DEL PAÍS DE LA ENTIDAD EDITORA/PRODUCTORA
Código MARC del país mx
050 #4 - SIGNATURA TOPOGRÁFICA DE LA BIBLIOTECA DEL CONGRESO
Número de clasificación TX725
Número de documento/Ítem .C663
245 10 - MENCIÓN DE TÍTULO
Título Antiguas recetas de la cocina poblana
Mención de responsabilidad, etc. Recopilación de María de los Ángeles de las Vilas.
260 ## - PUBLICACIÓN, DISTRIBUCIÓN, ETC.
Lugar de publicación, distribución, etc. México
300 ## - DESCRIPCIÓN FÍSICA
Extensión 15 p.
Otras características físicas il.
Dimensiones 22 Ccm.
500 ## - NOTA GENERAL
Nota general Y80
650 14 - PUNTO DE ACCESO ADICIONAL DE MATERIA--TÉRMINO DE MATERIA
Término de materia o nombre geográfico como elemento de entrada Cocina poblana
Subdivisión geográfica México
9 (RLIN) 20035
650 14 - PUNTO DE ACCESO ADICIONAL DE MATERIA--TÉRMINO DE MATERIA
Término de materia o nombre geográfico como elemento de entrada Recetas antiguas
Subdivisión geográfica Puebla (México)
9 (RLIN) 20036
700 1# - PUNTO DE ACCESO ADICIONAL--NOMBRE DE PERSONA
Nombre de persona Vilas, María de los Ángeles de las
Término indicativo de función/relación recop.
9 (RLIN) 20037
902 ## - CATALOGADOR
Iniciales GFM
942 ## - ELEMENTOS DE PUNTO DE ACCESO ADICIONAL (KOHA)
Fuente del sistema de clasificación o colocación Library of Congress Classification
Tipo de ítem Koha Libros
Holdings
Estado de retiro Estado de pérdida Estado dañado No para préstamo Localización permanente Ubicación/localización actual Fecha de adquisición Número de inventario Total de préstamos Signatura topográfica completa Código de barras Fecha visto por última vez Precio válido a partir de Tipo de ítem Koha
El ejemplar forma parte de la colección y puede ser consultado según las políticas vigentes.       Biblioteca del Museo Franz Mayer (Rogerio Casas-Alatriste) Biblioteca del Museo Franz Mayer (Rogerio Casas-Alatriste) 01/04/2014 Y80   TX725 .C663 (Y80) 8688 22/03/2019 22/03/2019 Libros